Регионална библиотека "Любен Каравелов" - Русе

Пламъци в затъмнения град (Запис номер 145225)

MARC детайли
000 -Лидер
Контролно поле с фиксирана дължина nam a22 a 4500
003 - Код на организацията, давaща контролен номер
Контролно поле BLK
005 - Дата и час на последна редакция
Контролно поле 20230126155824.0
008 - Елементи от данни с фиксирана дължина
fixed length control field 180410b bul|||||r ||||||| ||bul||
010 ## - Наследен системен номер
LC control number KNG00151398000
040 ## - Източник на каталожния запис
Идентификатор на билиотеката - собственик на записа BLK
041 ## - Код за език
Код за езика на текст/звукозапис или на отделно заглавие Български
Код за езика КДБФ Български
080 ## - УДК
Текстов определител УДК Руска литература
УДК код - определител по УДК 821.161.1
УДК определител -93-32
УДК - код + определител 821.161.1-93-32
080 ## - УДК
Текстов определител УДК Естонска литература
УДК код - определител по УДК 821.511.113
УДК определител -93-32
УДК - код + определител 821.511.113-93-32
100 1# - Редна дума - Автор
Автор Рауд, Ено
Авторска отговорност първи автор
R(LIN) 115364
139 ## - Редно поле
Редна дума Рауд, Ено
Авторски знак Рас - Р 38
245 10 - Сведения за заглавието
Заглавие Пламъци в затъмнения град
Подзаглавни данни Повест за деца
Редно поле (дума) Ено Рауд; прев. от рус. Славка Николова.
257 ## - Страна на издаване
Страна на създаване/издаване Естония
260 ## - Област на издателските данни
Място на издаване, разпространение и проч. София
Име на издателя, разпространителя и проч. Нар. младеж
Година на издаване 1973
300 ## - Физическа характеристика
Страници 159 с.
Илюстрации и др. с ил.
Размери/Мащаб 20 см
380 ## - Жанр
Жанр Детска худож. лит.
500 ## - Общи забележки
Забележка Ориг. загл. на ест. ез. ; Прев. от рус. изд. Огонь в затемненном городе. - 20 125 тир.
653 ## - Ключова дума – ненормативна
Ключова дума детска литература
653 ## - Ключова дума – ненормативна
Ключова дума литература за деца
700 1# - Други автори (авторска отговорност)
Лично име Николова, Славка
Автороска отговорност (Описва отношението между автора и произведението) прев. от рус.
9 (RLIN) 328600
852 ## - Местоположение
Форматна сигнатура Цб 262624
856 4# - Електронен адрес и достъп
Електронен формат pdf - файл
Инструкция (цена за достъп) 0.46
Права за достъп disable
856 4# - Електронен адрес и достъп
Електронен формат pdf - файл
Инструкция (цена за достъп) 0.46
Права за достъп disable
999 ## - СИСТЕМНИ КОНТРОЛНИ НОМЕРА
Koha biblionumber 145225
Koha biblioitemnumber 145225
942 ## - АРТИКУЛИ
Вид на библиотечния материал Книги
Скрит в OPAC Не
Периодичен библиозапис Да
944 ## - СЪЗДАВАНЕ И РЕДАКЦИЯ на ЗАПИСА
Създаване/Редакция Създаване
Дата на регистрацията/редакция 04.10.2013
Статус, дата на статуса 04.10.2013 - от С1,Р / 04.10.2013
Служител, извършил регистрацията/редакцията Ивайло_Василев
944 ## - СЪЗДАВАНЕ И РЕДАКЦИЯ на ЗАПИСА
Създаване/Редакция Редакция
Дата на регистрацията/редакция 20.09.2017
Статус, дата на статуса 04.10.2013 - от С1,Р / 04.10.2013
Служител, извършил регистрацията/редакцията Кети_Илиева
999 ## - СИСТЕМНИ КОНТРОЛНИ НОМЕРА
Koha biblioitemnumber 145225
999 ## - СИСТЕМНИ КОНТРОЛНИ НОМЕРА
Koha biblioitemnumber 145225
Наличности
Код за отписване Код за изгубен артикул Източник на класификационната схема Код за повреда Коз за рестрикции Код за отдаване Артикулен № Име на библиотеката - собственик Име на библиотеката, в която се намира в момента Статус (Текущо местоположение) Дата на вписване в системата Местоположение - отдел Цена в лева Инвентарен номер Систематично азбучна сигнатура Баркод Номер на екземпляра Цена в евро Служебна бележка Служебен тип на артикула Бележка за публиката
  Не е изгубен Universal Decimal Classification Не е повреден без рестрикции ползва се в читалня 241082 Регионална библиотека "Любен Каравелов" Русе Регионална библиотека "Любен Каравелов" Русе Хранилище 1973-01-01 Хранилище 0.46 135419 Цб 262624 120000135419 1 0.24 N: стар фонд Дата: 01.01.1973 Книги  
  Не е изгубен Universal Decimal Classification Не е повреден без рестрикции заемане за дома 241083 Регионална библиотека "Любен Каравелов" Русе Регионална библиотека "Любен Каравелов" Русе Детски отдел 1973-01-01 Детски отдел 0.46 136093 ДХ 820/899/Р 38 120000136093 2 0.24 N: стар фонд Дата: 01.01.1973 Дата инв: 14.09.2015 Бележки инв: Д2015 Книги  
Изтеглен Не е изгубен   Не е повреден без рестрикции заемане за дома 241084 Регионална библиотека "Любен Каравелов" Русе Регионална библиотека "Любен Каравелов" Русе Детски отдел 1973-01-01 Детски отдел 0.46 136101 ДХ 820/899/Р 38 136101 3 0.24 N: стар фонд Дата: 01.01.1973 Дата инв: 14.09.2015 Бележки инв: Д2015 Книги  
Изтеглен Не е изгубен   Не е повреден без рестрикции заемане за дома 241085 Регионална библиотека "Любен Каравелов" Русе Регионална библиотека "Любен Каравелов" Русе   1973-01-01 Детски отдел 0.46 146851 ДХ 820/899/Р 38 146851 4 0.24 N: стар фонд Дата: 01.01.1973 Дата инв: 14.09.2015 Бележки инв: Д2015 Книги Отч.N: 35/2017 , Дата: 05.09.2017
Vip Innovations Ltd, Rousse, Bulgaria 2025